000 00874nam a2200241Ia 4500
003 OSt
005 20220926022208.0
006 a|||||r|||| 00| 0
007 ta
008 220923b |||||||| |||| 00| 0 eng d
037 _cGeneral Book
040 _aRTL
_cRTL
_beng
041 _2eng
_aeng
082 _aX:54.1N45.N84s, M4/UN
110 _aUNITED NATIONS, INTERNATIONAL ECONOMIC AND SOCIAL AFFAIRS (Departments of--)
_9326102
245 0 _aCommodity trade (by Sea) statistics 1981
_b Maritime transport study.
260 _aNew York
_bUnited Nations
_c1984
300 _axxxvii,379p.
_ccm.
500 _aStatistical papers series D, vol. xxviii- xxxi, no.2
700 _aUNITED NATIONS, INTERNATIONAL ECONOMIC AND SOCIAL AFFAIRS (Departments of--)
_9326103
942 _hX:54.1N45.N84s, M4/UN
_cGB
_2CC
999 _c638813
_d638813